The bad ones / (Record no. 128775)

MARC details
000 -LEADER
fixed length control field 01335nam a2200385 i 4500
001 - CONTROL NUMBER
control field 23385491
005 - DATE AND TIME OF LATEST TRANSACTION
control field 20250904223908.0
008 - FIXED-LENGTH DATA ELEMENTS--GENERAL INFORMATION
fixed length control field 240216s2024 nyu d 000 1 eng d
010 ## - LIBRARY OF CONGRESS CONTROL NUMBER
LC control number 2023037589
020 ## - INTERNATIONAL STANDARD BOOK NUMBER
International Standard Book Number 9781250894892 :
Terms of availability $20.39
040 ## - CATALOGING SOURCE
Original cataloging agency JLGCP
Language of cataloging eng
Description conventions rda
050 00 - LIBRARY OF CONGRESS CALL NUMBER
Classification number PZ7.1.A4295
Item number Bad 2024
082 00 - DEWEY DECIMAL CLASSIFICATION NUMBER
Classification number [Fic]
Edition number 23
092 ## - LOCALLY ASSIGNED DEWEY CALL NUMBER (OCLC)
Classification number FIC ALB
100 1# - MAIN ENTRY--PERSONAL NAME
Personal name Albert, Melissa,
Relator term author.
245 14 - TITLE STATEMENT
Title The bad ones /
Statement of responsibility, etc Melissa Albert.
250 ## - EDITION STATEMENT
Edition statement First edition.
264 #1 -
-- New York :
-- Flatiron Books,
-- 2024.
300 ## - PHYSICAL DESCRIPTION
Extent 384 pages ;
Dimensions 22 cm
336 ## -
-- text
-- txt
-- rdacontent
337 ## -
-- unmediated
-- n
-- rdamedia
338 ## -
-- volume
-- nc
-- rdacarrier
510 3# - CITATION/REFERENCES NOTE
Name of source Junior Library Guild
520 ## - SUMMARY, ETC.
Summary, etc Teenage Nora uncovers dangerous secrets and eerie local lore surrounding disappearances in her small town, where a teacher and three high school students, including her best friend, go missing.
521 1# - TARGET AUDIENCE NOTE
Target audience note Ages 15 & Up.
521 2# - TARGET AUDIENCE NOTE
Target audience note Grades 10 & Up.
586 ## - AWARDS NOTE
Awards note A Junior Library Guild selection (JLG)
650 #0 - SUBJECT ADDED ENTRY--TOPICAL TERM
Topical term or geographic name as entry element Best friends
Form subdivision Juvenile fiction.
650 #0 - SUBJECT ADDED ENTRY--TOPICAL TERM
Topical term or geographic name as entry element Friendship
Form subdivision Juvenile fiction.
650 #0 - SUBJECT ADDED ENTRY--TOPICAL TERM
Topical term or geographic name as entry element Missing persons
Form subdivision Juvenile fiction.
650 #0 - SUBJECT ADDED ENTRY--TOPICAL TERM
Topical term or geographic name as entry element Supernatural
Form subdivision Juvenile fiction.
9 (RLIN) 369
650 #0 - SUBJECT ADDED ENTRY--TOPICAL TERM
Topical term or geographic name as entry element Horror stories.
852 ## - LOCATION/CALL NUMBER
-- $20.39
942 ## - ADDED ENTRY ELEMENTS (KOHA)
Koha item type Book
Holdings
Withdrawn status Lost status Source of classification or shelving scheme Damaged status Not for loan Home library Current library Shelving location Date acquired Total Checkouts Full call number Barcode Date last seen Date checked out Cost, replacement price Price effective from Koha item type
  Available Dewey Decimal Classification     Martha's Vineyard High School Library Martha's Vineyard High School Library HORROR 04/25/2024 3 FIC/ALB 39844500071190 04/13/2026 01/15/2026 20.00 04/25/2024 Book